Les Tom célèbres - Statistiques

Statistiques générales
  • Ce quiz a été pris 234 fois
  • Le résultat moyen est 5 sur 16
Statistiques - réponses
Par images Réponse % Correct
Tom Cruise
93%
Tom Hanks
91%
Tom Holland
85%
Tom Hardy
57%
Tom Felton
50%
Tom Brady
47%
Tom Hiddleston
35%
Tom Jones
25%
Tom Dumoulin
20%
Tom Ellis
14%
Tom Novembre
14%
Tom Welling
11%
Tom Sizemore
3%
Tom Wilkinson
2%
Tom Kenny
1%
Tom Skerritt
1%
Aucun quiz correspondant
Distribution des résultats
% des personnes avec chaque résultat
Percentile par nombre de réponses
Votre historique - résultats
Vous n’avez pas pris ce quiz